Vývoj elektronickej dištančnej komunikácie a jej medzinárodno-politické konotácie
Dynamický vývoj odborov informačných technológií (IT) a ich dopad na život medzinárodného spoločenstva stavia spoločnosť pred ojedinelú úlohu, ako sa vysporiadať s prebiehajúcimi zmenami a ako využiť nové možnosti pre upevnenie priateľských a mierových vzťahov medzi národmi, ktoré uľahčuje práve ces...
Salvato in:
| Autore principale: | |
|---|---|
| Altri autori: | |
| Natura: | Capitolo di libro |
| Lingua: | slovacco |
| Soggetti: | |
| Tags: |
Nessun Tag, puoi essere il primo ad aggiungerne!!
|
MARC
| LEADER | 00000naa$a2200000$$$4500 | ||
|---|---|---|---|
| 001 | 0019821 | ||
| 005 | 20231107111209.1 | ||
| 041 | 0 | |a slo | |
| 044 | |a SK | ||
| 245 | 1 | 0 | |a Vývoj elektronickej dištančnej komunikácie a jej medzinárodno-politické konotácie |c Zdeněk Vacek ; prekl. Jana Lasicová |
| 520 | |a Dynamický vývoj odborov informačných technológií (IT) a ich dopad na život medzinárodného spoločenstva stavia spoločnosť pred ojedinelú úlohu, ako sa vysporiadať s prebiehajúcimi zmenami a ako využiť nové možnosti pre upevnenie priateľských a mierových vzťahov medzi národmi, ktoré uľahčuje práve cesta medzikultúrnej komunikácie. Autori R. Keohane a J.S. Nye a J. Rosenau a ich názory na rozvoj IT. Prehistória dištančnej komunikácie a počiatky elektronickej éry. Rekapitulácia vývoja a vplyvu telegrafu, rozhlasu, televízie a internetu. Súvislosť rozhlasu s politikou. | ||
| 610 | 2 | 0 | |a komunikácia |
| 610 | 2 | 0 | |a komunikácia masová |
| 610 | 2 | 0 | |a komunikácia elektronická |
| 610 | 2 | 0 | |a politika medzinárodná |
| 610 | 2 | 0 | |a technológie informačné |
| 610 | 2 | 0 | |a história |
| 610 | 2 | 0 | |a telekomunikácie |
| 610 | 2 | 0 | |a rozhlas |
| 610 | 2 | 0 | |a televízia |
| 100 | 1 | |a Vacek, Zdeněk | |
| 700 | 1 | |a Lasicová, Jana | |